| Tag |
First Indicator |
Second Indicator |
Subfields |
| LEADER |
00000cam a2200000 4500 |
| 001 |
in00000036124 |
| 005 |
20151007055353.0 |
| 008 |
770815s1942 cauae 00010 eng |
| 010 |
|
|
|a 43009795
|
| 035 |
|
|
|a (OCoLC)03189737
|
| 035 |
|
|
|9 AAB8061AM
|
| 040 |
|
|
|a DLC
|c OCP
|d m/c
|d TXA
|d UtOrBLW
|
| 049 |
|
|
|a TXAM
|c [A12554842]
|
| 050 |
0 |
0 |
|a TH1097
|b .E5
|
| 082 |
0 |
|
|a 623.38
|
| 110 |
2 |
|
|a Engineering Institute of Canada.
|
| 245 |
1 |
0 |
|a Structural defence against bombing /
|c Engineering Institute of Canada.
|
| 264 |
|
1 |
|a Montreal :
|b The Engineering Institute of Canada,
|c 1942.
|
| 300 |
|
|
|a 55 pages :
|b illustrations, plans ;
|c 28 x 22 cm.
|
| 336 |
|
|
|a text
|b txt
|2 rdacontent
|
| 337 |
|
|
|a unmediated
|b n
|2 rdamedia
|
| 338 |
|
|
|a volume
|b nc
|2 rdacarrier
|
| 500 |
|
|
|a "October, 1942."
|
| 504 |
|
|
|a "Bibliography of further references": pages 53-55.
|
| 650 |
|
0 |
|a Building, Bombproof.
|
| 650 |
|
0 |
|a Air raid shelters.
|
| 999 |
|
|
|a MARS
|
| 999 |
f |
f |
|s 0976b3ea-853c-3327-8c4f-664f00564df6
|i 3273255b-cc0c-3ecf-ba15-f0528644d5c5
|t 0
|
| 952 |
f |
f |
|p ric
|a Texas A&M University
|b Rellis Campus
|c Joint Library Facility
|d Remote Storage
|t 0
|e TH1097 .E5
|h Library of Congress classification
|i unmediated -- volume
|m A14812554842
|
| 998 |
f |
f |
|a TH1097 .E5
|t 0
|l Remote Storage
|